Guess the Unofficial Country - Statistics

General Stats
  • This quiz has been taken 32 times
    5 since last reset
  • The average score is 14 of 15
Answer Stats
Hint Answer % Correct
This de facto country in Georgia borders the Black sea and is relatively close to another de facto country. Abkhazia
100%
Name one of the islands in the Caribbean in free association with the Netherlands. Aruba | Curaçao | Sint Maarten
100%
An archipelago above Great Britain that is in free association with Denmark. Faroe Islands
100%
Territory in the Balkans that loves the United States; there's even a whole road dedicated to Bill Clinton. Kosovo
100%
Island in Oceania in free association with New Zealand. Niue
100%
This territory is the northern part of this Mediterranean island controlled by Turkey. Northern Cyprus
100%
Well known territory in the Middle East that is currently in a war with a country. Palestine Territories
100%
Northern region of Somalia, it is rather 'tamer' than the rest of the country. Somaliland
100%
The relatively close one mentioned above that is also located in Georgia. South Ossetia
100%
The One China principle essentially prevents this place from becoming an official country. Taiwan
100%
A part of Moldova, this territory is known as "the last Soviet stronghold." Transnistria
100%
This southern part of Morocco is recognized by many African nations. Western Sahara
100%
Autonomous region in Papua New Guinea that is set to become a country by 2027. Bougainville
67%
Mountainous region in West Asia that homes a well known ethnicity. Kurdistan
67%
This North American territory commonly gets confused as a true country. Greenland
33%
No matching quizzes found
Score Distribution
Percent of People with Each Score
Percentile by Number Answered
Your Score History
You have not taken this quiz since the last reset